00000000cam 2200000zi 4500
0019.962663
003CaOODSP
00520260508150914
006m     o  d f      
007cr mn|||||||||
008260508e20260430onc     ob   f000 0 eng d
040 |aCaOODSP|beng|erda|cCaOODSP
043 |an-cn---
0861 |aH113-25/2026-12E-PDF
24500|aAcynonapyr and Kodama Miticide.
264 1|aOttawa, Ontario : |bPesticides Regulatory Directorate, Healthy Environments and Consumer Safety Branch, Health Canada, |c30 April 2026.
264 4|c©2026
300 |a1 online resource (15 pages).
336 |atext|btxt|2rdacontent
337 |acomputer|bc|2rdamedia
338 |aonline resource|bcr|2rdacarrier
4901 |aRegistration decision, |x1925-0940 ; |vRD2026-12
500 |aCover title.
500 |aIssued also in French under title: Acynonapyr et acaricide Kodama.
504 |aIncludes bibliographical references.
520 |a"Health Canada, pursuant to subsection 8(1) of the Pest Control Products Act, is granting registration for the sale and use of Acynonapyr Technical and Kodama Miticide, containing the active ingredient acynonapyr, to control Tetranychid mites on Crop Group 11-09: Pome Fruits"--Page 1.
650 0|aAcaricides|xCertification|zCanada.
650 0|aAcaricides|xToxicology.
650 0|aAcaricides|xEnvironmental aspects.
7101 |aCanada. |bHealthy Environments and Consumer Safety Branch, |eissuing body.
77508|tAcynonapyr et acaricide Kodama.|w(CaOODSP)9.962665
830#0|aRegistration decision,|x1925-0940 ; |vRD2026-12.|w(CaOODSP)9.505184
85640|qPDF|s416 KB|uhttps://publications.gc.ca/collections/collection_2026/sc-hc/h113-25/H113-25-2026-12-eng.pdf
8564 |qHTML|sN/A|uhttps://www.canada.ca/en/health-canada/services/consumer-product-safety/reports-publications/pesticides-pest-management/decisions-updates/registration-decision/2026/acynonapyr-kodama-miticide.html